Wheels (Record no. 61675)

MARC details
000 -LEADER
fixed length control field 00535nam a2200169 a 4500
008 - FIXED-LENGTH DATA ELEMENTS--GENERAL INFORMATION
fixed length control field 120416s1972 ||||||||||||||||| || u
050 ## - LIBRARY OF CONGRESS CALL NUMBER
Classification number TJ 181.5 Owe
100 ## - MAIN ENTRY--PERSONAL NAME
Personal name Margenau, H
245 10 - TITLE STATEMENT
Title Wheels
260 ## - PUBLICATION, DISTRIBUTION, ETC.
Place of publication, distribution, etc. Nederland
Name of publisher, distributor, etc. Time-Life International
Date of publication, distribution, etc. 1972
300 ## - PHYSICAL DESCRIPTION
Extent 200p. : ill.
350 ## - PRICE (NR) (BK AM CF MU VM SE) [OBSOLETE]
Price 0.00
700 ## - ADDED ENTRY--PERSONAL NAME
Personal name Owen, Wilfred
700 ## - ADDED ENTRY--PERSONAL NAME
Personal name Dubos, R
700 ## - ADDED ENTRY--PERSONAL NAME
Personal name Snow, C.P
995 ## - RECOMMENDATION 995 [LOCAL, UNIMARC FRANCE]
-- 0.00
-- CBU-MAIN LIBRARY (Kitwe)
-- 1
-- 2.90
-- AVAILABLE
-- Annex Low-Usage Collection
Holdings
Withdrawn status Lost status Source of classification or shelving scheme Damaged status Not for loan Home library Current library Shelving location Date acquired Total Checkouts Full call number Barcode Date last seen Price effective from Koha item type
          CBU-MAIN LIBRARY, KITWE. CBU-MAIN LIBRARY, KITWE.   11/30/2022   TJ 181.5 Owe 017858 11/30/2022 11/30/2022 MONOGRAPH